000 00401nam a2200133Ia 4500
008 220217s9999||||xx |||||||||||||| ||und||
020 _a81-259-1906-6
082 _a621.39 SIV
100 _aSivanandam, S. N and Deepa, S. N
_96059
245 0 _aControl systems engineering using MATLAB
260 _aVikas publishing house
_bNew Delhi
_c2007
300 _b300
650 _aSIGNAL PROCESSING
_9719
999 _c177389
_d177389